Dieselelektrická vozba : učeb. pomůcka pro stud. stroj. a elektrotechn. inž. ... pro techniky v železniční službě a v prům 1. Theorie elektrické nezávislé trakce

Uložené v:
Podrobná bibliografia
Hlavný autor: Jansa, František, 1903-1998 (Author)
Médium: Kniha
Jazyk:Czech
Vydané: Praha : Technicko-vědecké vydavatelství, 1951.
Vydanie:1. vyd.
Edícia:Elektrotechnická knihovna sv. 8
ISBN: (viaz.)
Fyzický popis: 563, [1] s.
Tagy: Pridať tag
Žiadne tagy, Buďte prvý kto otaguje tento záznam!

MARC

LEADER 00000nam a2200000 a 4500
001 000106821
005 20161003191855.0
008 040101s1951 xr e cze d
020 |a (viaz.) 
040 |a SVKKK  |b slo  |c SVKKK  |e AACR2 
041 0 |a cze 
044 |a xr  |c CZ 
100 1 |a Jansa, František,  |d 1903-1998  |4 aut 
245 1 0 |a Dieselelektrická vozba :  |b učeb. pomůcka pro stud. stroj. a elektrotechn. inž. ... pro techniky v železniční službě a v prům  |n 1.  |p Theorie elektrické nezávislé trakce  |c František Jansa. 
246 3 0 |a Theorie elektrické nezávislé trakce 
250 |a 1. vyd. 
260 |a Praha :  |b Technicko-vědecké vydavatelství,  |c 1951. 
300 |a 563, [1] s. 
490 1 |a Elektrotechnická knihovna  |v sv. 8 
830 0 |a Elektrotechnická knihovna  |v sv. 8 
910 |a svkkk 
998 |a BK 
090 |g SCKHL  |k Sklad Pribinova 2. posch.  |a II.13035  |j 40204  |i 2720282534  |s Prezenčne 
090 |g SCKHL  |k Sklad Pribinova 2. posch.  |a II.224473  |j 545352  |i 106821-20  |s Prezenčne 
090 |g SCKHL  |k Sklad Pribinova 2. posch.  |a III.9091  |j 14284  |i 2720358603  |s Prezenčne 
090 |g SCKHL  |k Sklad Pribinova 2. posch.  |a III.9092  |j 14285  |i 2720358602  |s Prezenčne